<?xml version="1.0" encoding="UTF-8"?>
<record
    xmlns:xsi="http://www.w3.org/2001/XMLSchema-instance"
    xsi:schemaLocation="http://www.loc.gov/MARC21/slim http://www.loc.gov/standards/marcxml/schema/MARC21slim.xsd"
    xmlns="http://www.loc.gov/MARC21/slim">

  <leader>03494nam a2200445 a 4500</leader>
  <controlfield tag="001">Z_7075</controlfield>
  <controlfield tag="003">CHAP</controlfield>
  <controlfield tag="005">20241206134837.0</controlfield>
  <controlfield tag="007">ta</controlfield>
  <controlfield tag="008">220113s2015    pe ao  fr     001 0 spa d</controlfield>
  <datafield tag="010" ind1=" " ind2=" ">
    <subfield code="a">170348</subfield>
  </datafield>
  <datafield tag="020" ind1=" " ind2=" ">
    <subfield code="a">978-612-304-243-1</subfield>
  </datafield>
  <datafield tag="040" ind1=" " ind2=" ">
    <subfield code="a">Z</subfield>
    <subfield code="c">CHAP</subfield>
  </datafield>
  <datafield tag="041" ind1="0" ind2=" ">
    <subfield code="b">Espa&#xF1;ol</subfield>
    <subfield code="f">Espa&#xF1;ol</subfield>
  </datafield>
  <datafield tag="082" ind1=" " ind2=" ">
    <subfield code="a">636.5908 </subfield>
    <subfield code="b">R36 2015</subfield>
    <subfield code="2">20</subfield>
  </datafield>
  <datafield tag="100" ind1="1" ind2=" ">
    <subfield code="a">Ramos Ttito, Isabel</subfield>
    <subfield code="9">146693</subfield>
    <subfield code="e">auotr</subfield>
  </datafield>
  <datafield tag="245" ind1="1" ind2="0">
    <subfield code="a">Crianza, producci&#xF3;n y comercializaci&#xF3;n de  codornices /</subfield>
    <subfield code="c">Isabel Ramos Tito; coordinaci&#xF3;n de edici&#xF3;n Cynthia Arestegui Baca; diagramaci&#xF3;n Lucero Monz&#xF3;n Mor&#xE1;n; Ilustraci&#xF3;n Miguel Almeida Rojas</subfield>
  </datafield>
  <datafield tag="250" ind1=" " ind2=" ">
    <subfield code="a">Primera edici&#xF3;n</subfield>
  </datafield>
  <datafield tag="264" ind1=" " ind2="1">
    <subfield code="a">Per&#xFA; :</subfield>
    <subfield code="b">Macro, </subfield>
    <subfield code="c">2015</subfield>
  </datafield>
  <datafield tag="300" ind1=" " ind2=" ">
    <subfield code="a">198 p&#xE1;ginas:</subfield>
    <subfield code="b">ilustraciones, fotograf&#xED;as a color, tablas</subfield>
  </datafield>
  <datafield tag="336" ind1=" " ind2=" ">
    <subfield code="2">rdacontent</subfield>
    <subfield code="a">texto</subfield>
    <subfield code="b">txt </subfield>
  </datafield>
  <datafield tag="337" ind1=" " ind2=" ">
    <subfield code="2">rdamedia</subfield>
    <subfield code="a">sin medio</subfield>
    <subfield code="b">n </subfield>
  </datafield>
  <datafield tag="338" ind1=" " ind2=" ">
    <subfield code="2">rdacarrier </subfield>
    <subfield code="a">volumen </subfield>
    <subfield code="b">nc </subfield>
  </datafield>
  <datafield tag="500" ind1=" " ind2=" ">
    <subfield code="a">ej.1: Consumo</subfield>
  </datafield>
  <datafield tag="504" ind1=" " ind2=" ">
    <subfield code="a">Bibliograf&#xED;a: p&#xE1;ginas 195 - 196</subfield>
  </datafield>
  <datafield tag="505" ind1=" " ind2=" ">
    <subfield code="a">Presentaci&#xF3;n -- Introducci&#xF3;n --1.1 Origen e historia -- 1.2 Clasificaci&#xF3;n taxon&#xF3;mica de la codorniz -- 1.3 Caracter&#xED;sticas anat&#xF3;micas de la codorniz -- 1.4 Situaci&#xF3;n nacional de la producci&#xF3;n coturn&#xED;cola -- 1.5 Situaci&#xF3;n mundial de la producci&#xF3;n coturn&#xED;cola -- 2.1 Codornices de carne -- 2.2 Codornices de postura -- 2.3 Codornices de doble prop&#xF3;sito -- 2.4 Codornices ornamentales -- 3.1 Manejo por etapas de las codornices -- 4.1 Nutrici&#xF3;n -- 4.2 Principales fuentes alimenticias -- 4.3 Requerimientos nutricionales 4.4 -- Programas de alimentaci&#xF3;n -- 4.5 Consumo de alimentos -- 4.6 Raciones formuladas por etapas -- 5.1 Selecci&#xF3;n de reproductores -- 5.2 Apareamiento -- 5.3 El huevo de la codorniz -- 5.4 Selecci&#xF3;n y cuidado del huevo para incubaci&#xF3;n -- 5.5 Incubaci&#xF3;n -- 5.6 Construcciones de una incubadora artificial -- 6.1 Selecci&#xF3;n -- 6.2 Sistemas de cruzamiento -- 7.1 Sanidad en codornices -- 7.2 Enfermedades causadas por bacterias -- 7.4 Enfermedades causadas por par&#xE1;sitos -- 7.5. Enfermedades causadas por hongos -- 7.6. Otras patolog&#xED;as comunes -- 7.7 Limpieza y desinfecci&#xF3;n -- 8.1 Ubicaci&#xF3;n del terreno -- 8.2 El galp&#xF3;n -- 8.3 Instalaciones -- 8.4 Materiales y equipos -- 9.1 Tratamiento biol&#xF3;gico -- 9.2 Tratamiento f&#xED;sico -- 9.3 Tratamiento qu&#xED;mico -- 9.4 Impacto ambiental -- 10.1 Plan estrat&#xE9;gico -- 10.2 Plan financiero -- Prueba de dominio psicomotor.</subfield>
  </datafield>
  <datafield tag="520" ind1=" " ind2=" ">
    <subfield code="a">La cr&#xED;a de codornices es una nueva rama de la avicultura que data de hace poco tiempo, convirti&#xE9;ndose en una actividad de gran importancia debido al alto contenido proteico que posee esta ave y los beneficios que genera su comercializaci&#xF3;n. 
El objetivo del libro es servir de material de consulta sobre la crianza y producci&#xF3;n de codornices con el fin de obtener una m&#xE1;xima eficiencia productiva. Por ello, se trataron temas como el origen, clasificaci&#xF3;n, manejo productivo, alimentaci&#xF3;n, reproducci&#xF3;n e implementaci&#xF3;n de instalaciones para su &#xF3;ptimo aprovechamiento.</subfield>
  </datafield>
  <datafield tag="650" ind1="1" ind2=" ">
    <subfield code="a">Codornices</subfield>
    <subfield code="9">146694</subfield>
  </datafield>
  <datafield tag="650" ind1="1" ind2=" ">
    <subfield code="a">Codorniz </subfield>
    <subfield code="x"> Alimentaci&#xF3;n y alimentos</subfield>
    <subfield code="9">146695</subfield>
  </datafield>
  <datafield tag="650" ind1="1" ind2=" ">
    <subfield code="a">Codorniz </subfield>
    <subfield code="x"> Cr&#xED;a</subfield>
    <subfield code="9">146696</subfield>
  </datafield>
  <datafield tag="650" ind1="1" ind2=" ">
    <subfield code="a">Carne de codorniz</subfield>
    <subfield code="9">19138</subfield>
  </datafield>
  <datafield tag="650" ind1="1" ind2=" ">
    <subfield code="a">Huevos de codorniz</subfield>
    <subfield code="9">56763</subfield>
  </datafield>
  <datafield tag="700" ind1="1" ind2=" ">
    <subfield code="a">Almeida Rojas, Miguel</subfield>
    <subfield code="e">ilustrador</subfield>
    <subfield code="9">145735</subfield>
  </datafield>
  <datafield tag="700" ind1="1" ind2=" ">
    <subfield code="a">Monz&#xF3;n Mor&#xE1;n, Lucero</subfield>
    <subfield code="e">diagramaci&#xF3;n</subfield>
    <subfield code="9">146697</subfield>
  </datafield>
  <datafield tag="700" ind1="1" ind2=" ">
    <subfield code="a">Arestegui Baca, Cynthia</subfield>
    <subfield code="e">coordinador de edici&#xF3;n</subfield>
    <subfield code="9">146698</subfield>
  </datafield>
  <datafield tag="901" ind1=" " ind2=" ">
    <subfield code="a">636.5908 T75 2015</subfield>
  </datafield>
  <datafield tag="902" ind1=" " ind2=" ">
    <subfield code="a">M</subfield>
  </datafield>
  <datafield tag="910" ind1=" " ind2=" ">
    <subfield code="a">2015</subfield>
  </datafield>
  <datafield tag="942" ind1=" " ind2=" ">
    <subfield code="c">LIBRO</subfield>
    <subfield code="2">ddc</subfield>
  </datafield>
  <datafield tag="999" ind1=" " ind2=" ">
    <subfield code="c">170348</subfield>
    <subfield code="d">170348</subfield>
  </datafield>
  <datafield tag="952" ind1=" " ind2=" ">
    <subfield code="0">0</subfield>
    <subfield code="1">0</subfield>
    <subfield code="2">ddc</subfield>
    <subfield code="4">0</subfield>
    <subfield code="5">1</subfield>
    <subfield code="7">0</subfield>
    <subfield code="8">GRAL</subfield>
    <subfield code="a">Z</subfield>
    <subfield code="b">Z</subfield>
    <subfield code="d">2018-11-19</subfield>
    <subfield code="e">Compra Libreria UACh No. 37333</subfield>
    <subfield code="i">Consumo</subfield>
    <subfield code="o">636.5908 R36 2015</subfield>
    <subfield code="p">5102007297</subfield>
    <subfield code="r">2022-01-18 00:00:00</subfield>
    <subfield code="t">Ej.1</subfield>
    <subfield code="w">2022-01-18</subfield>
    <subfield code="y">LIBRO</subfield>
  </datafield>
  <datafield tag="952" ind1=" " ind2=" ">
    <subfield code="0">0</subfield>
    <subfield code="1">0</subfield>
    <subfield code="2">ddc</subfield>
    <subfield code="4">0</subfield>
    <subfield code="5">1</subfield>
    <subfield code="7">0</subfield>
    <subfield code="8">GRAL</subfield>
    <subfield code="a">Z</subfield>
    <subfield code="b">Z</subfield>
    <subfield code="d">2024-10-16</subfield>
    <subfield code="e">Compra Libreria UACh No. 44562</subfield>
    <subfield code="i">S/N</subfield>
    <subfield code="l">0</subfield>
    <subfield code="o">636.5908  R36 2015</subfield>
    <subfield code="p">5102007664</subfield>
    <subfield code="r">2025-10-30 13:36:35</subfield>
    <subfield code="t">Ej.2</subfield>
    <subfield code="w">2025-10-30</subfield>
    <subfield code="y">LIBRO</subfield>
  </datafield>
</record>
